Cuerpo humano : (Registro nro. 15331)

Detalles MARC
000 -LEADER
fixed length control field 02006nam a22003017a 4500
003 - CONTROL NUMBER IDENTIFIER
control field OSt
005 - DATE AND TIME OF LATEST TRANSACTION
control field 20210311092412.0
008 - FIXED-LENGTH DATA ELEMENTS--GENERAL INFORMATION
fixed length control field 210311s2009 ck ao||gr|||| 00| 0 spa d
020 ## - INTERNATIONAL STANDARD BOOK NUMBER
International Standard Book Number 9789587062274
040 ## - CATALOGING SOURCE
Original cataloging agency CO-JMCR
Transcribing agency CO-JMCR
041 1# - LANGUAGE CODE
Language code of text/sound track or separate title spa
Language code of original eng
082 04 - DEWEY DECIMAL CLASSIFICATION NUMBER
Classification number R / 612.02 /
Item number P238c
Edition number 23
100 1# - MAIN ENTRY--PERSONAL NAME
Personal name Parker, Steve,
Relator term autor
9 (RLIN) 35914
245 10 - TITLE STATEMENT
Title Cuerpo humano :
Remainder of title una guía ilustrada de sus estructuras, funciones y trastornos /
Statement of responsibility, etc. Steve Parker ; presentado por Robert Winston ; traducción en español, Dorling Kindersley Limited
260 ## - PUBLICATION, DISTRIBUTION, ETC.
Place of publication, distribution, etc. Bogotá :
Name of publisher, distributor, etc. El Tiempo,
Date of publication, distribution, etc. 2009
300 ## - PHYSICAL DESCRIPTION
Extent 256 páginas :
Other physical details ilustraciones y fotografías a color ;
Dimensions 31 cm.
500 ## - GENERAL NOTE
General note Título original : The human body book.
500 ## - GENERAL NOTE
General note Subtítulo tomado de carátula. Incluye índice alfabético y glosario.
505 0# - FORMATTED CONTENTS NOTE
Formatted contents note El cuerpo integrado -- Sistema esquelético -- Sistema muscular -- Sistema nervioso -- Sistema endocrino -- Sistema cardiovascular -- Sistema respiratorio -- Piel, pelo, uñas -- Sistema linfático e inmunológico -- Sistema digestivo -- Sistema urinario -- Reproducción y ciclo vital
520 3# - SUMMARY, ETC.
Summary, etc. Revela con extraordinaria claridad todos los aspectos de la anatomía del cuerpo humano y sus funciones. Cientos de imágenes tridimensionales originales permiten explorar el cuerpo humano con detalle sin precedentes. Descubra cómo y por qué el cuerpo deja de funcionar correctamente mediante un claro análisis ilustrado de alguno de los trastornos más frecuentes que afectan a cada uno de los sistemas corporales. Atractivo, claro y riguroso, cuerpo humano es un manual interactivo esencial para estudiante de biología y profesionales de la salud, además de una obra de consulta para toda la familia.
546 ## - LANGUAGE NOTE
Language note Traducido del inglés.
650 14 - SUBJECT ADDED ENTRY--TOPICAL TERM
Topical term or geographic name entry element Anatomía humana
9 (RLIN) 472
650 14 - SUBJECT ADDED ENTRY--TOPICAL TERM
Topical term or geographic name entry element Cuerpo humano
9 (RLIN) 10956
650 14 - SUBJECT ADDED ENTRY--TOPICAL TERM
Topical term or geographic name entry element Fisiología humana
9 (RLIN) 11651
700 1# - ADDED ENTRY--PERSONAL NAME
Personal name Winston, Robert,
9 (RLIN) 35915
710 2# - ADDED ENTRY--CORPORATE NAME
Corporate name or jurisdiction name as entry element Dorling Kindersley Limited
Relator term traductor
9 (RLIN) 35916
942 ## - ADDED ENTRY ELEMENTS (KOHA)
Source of classification or shelving scheme Dewey Decimal Classification
Koha item type Books
Existencias
Withdrawn status Lost status Source of classification or shelving scheme Damaged status Not for loan Home library Current library Date acquired Source of acquisition Total Checkouts Full call number Barcode Date last seen Copy number Price effective from Koha item type
    Dewey Decimal Classification     Biblioteca Pública José María del Castillo y Rada Biblioteca Pública José María del Castillo y Rada 10/02/2020 Donación   R / 612.02 / P238c 201807072 03/11/2021 Ej.1 03/11/2021 Books
    Dewey Decimal Classification     Biblioteca Pública José María del Castillo y Rada Biblioteca Pública José María del Castillo y Rada 10/02/2020 Donación   R / 612.02 / P238c 201810797 03/11/2021 Ej.2 03/11/2021 Books